000 00681nam a2200217Ii 4500
003 JO-AjNU
008 230606s9999||||xx |||||||||||||| ||und||
020 _a978-0-495-50217-3 , 0495-50217-0
040 _aJO-AjNU
_beng
_erda
_cJO-AjNU
041 _aeng
050 1 4 _aPN4129.15.V47 2008
100 3 _aVerderber,Rudolph F , Kathleen S.Verderber , Deanna D. Sellnow,
_eauthor
_92374
245 0 4 _aTHE CHALLENGE OF EFFECTIVE SPEAKING
250 _a15 ed
264 3 1 _aUSA: Lyn Uhl, 2008
300 _a380P
336 _atext
_btxt
_2rdacontent
337 _aunmediated
_bn
_2rdamedia
338 _avolume
_bnc
_2rdacarrier
650 4 _aThe Challenge Of Effective Speaking
_92375
999 _aE1245
_c1245
_d1245